| 000 | 00813nac a22002051u 4500 | ||
|---|---|---|---|
| 020 | _a0131246798 (pbk.) | ||
| 082 |
_a621.301 _bN2188 |
||
| 090 |
_c884 _d884 |
||
| 100 | _aNarayana Rao, Nannapan | ||
| 245 |
_aElements of engineering electromagnetics / _cNannapaneni Narayana Rao. |
||
| 250 | _a6th ed., International ed. | ||
| 260 |
_aUpper Saddle River, N.J.: _bPearson Prentice Hall, _cc2004. |
||
| 300 |
_axxiii, 831 p. : _bill. ; _c24 cm. |
||
| 440 | _aIllinois ECE series | ||
| 500 | _aPrevious ed.: 2000. | ||
| 504 | _aIncludes bibliographical references and index. | ||
| 650 | _aElectromagnetic theory. | ||
| 942 |
_cBB _k621.301N2188 |
||
| 999 |
_c884 _d884 |
||